Полевой регистратор электромагнитных и акустических сигналов РЭМАС-1 для мониторинга развития геодинамических процессов; Вестник науки Сибири; № 1 (2)

Detalles Bibliográficos
Parent link:Вестник науки Сибири: электронный научный журнал/ Томский политехнический университет (ТПУ).— , 2011-.— 2226-0064
№ 1 (2).— 2012.— [С. 99-103]
Otros Autores: Бомбизов А. А. Александр Александрович, Филатов А. В. Александр Владимирович, Лощилов А. Г. Антон Геннадьевич, Беспалько А. А. Анатолий Алексеевич
Sumario:Заглавие с титульного листа
Для мониторинга развития процессов разрушения образцов и массивов горных пород по параметрам электромагнитных сигналов разработан регистратор, обеспечивающий прием и обработку этих сигналов по алгоритму быстрого оконного преобразования Фурье, а также вывод результатов преобразования в запоминающее устройство или удаленному оператору. В приборе реализован канал приема и записи акустических импульсов. Регистратор способен работать в автономном режиме и в информационной сети. Приведена и описана его структурная схема.
Lenguaje:ruso
Publicado: 2012
Colección:Инженерные науки
Materias:
Acceso en línea:http://earchive.tpu.ru/handle/11683/15906
Formato: Electrónico Capítulo de libro
KOHA link:https://koha.lib.tpu.ru/cgi-bin/koha/opac-detail.pl?biblionumber=478725

MARC

LEADER 00000naa2a2200000 4500
001 478725
005 20231101093200.0
035 |a (RuTPU)RU\TPU\prd\145566 
035 |a RU\TPU\prd\145509 
090 |a 478725 
100 |a 20120702d2012 k y0rusy50 ca 
101 0 |a rus 
102 |a RU 
135 |a drnn ---uucaa 
181 0 |a i  
182 0 |a b 
200 1 |a Полевой регистратор электромагнитных и акустических сигналов РЭМАС-1 для мониторинга развития геодинамических процессов  |f А. А. Бомбизов [и др.] 
203 |a Текст  |c электронный 
215 |a 1 файл (698 Кб) 
225 1 |a Инженерные науки 
230 |a Электронные текстовые данные (1 файл : 698 Кб) 
300 |a Заглавие с титульного листа 
320 |a [Библиогр.: с. 103 (6 назв.)] 
330 |a Для мониторинга развития процессов разрушения образцов и массивов горных пород по параметрам электромагнитных сигналов разработан регистратор, обеспечивающий прием и обработку этих сигналов по алгоритму быстрого оконного преобразования Фурье, а также вывод результатов преобразования в запоминающее устройство или удаленному оператору. В приборе реализован канал приема и записи акустических импульсов. Регистратор способен работать в автономном режиме и в информационной сети. Приведена и описана его структурная схема. 
337 |a Adobe Reader 
461 1 |0 (RuTPU)RU\TPU\prd\143680  |x 2226-0064  |t Вестник науки Сибири  |o электронный научный журнал  |f Томский политехнический университет (ТПУ)  |d 2011- 
463 1 |0 (RuTPU)RU\TPU\prd\145194  |t № 1 (2)  |v [С. 99-103]  |d 2012 
610 1 |a амплитудно-частотные регистраторы 
610 1 |a полевые регистраторы 
610 1 |a электромагнитные сигналы 
610 1 |a акустические сигналы 
610 1 |a геодинамические явления 
610 1 |a геодинамические процессы 
610 1 |a развитие 
610 1 |a мониторинг 
610 1 |a структурные схемы 
610 1 |a труды учёных ТПУ 
610 1 |a электронный ресурс 
675 |a 004.3:502.057  |v 3 
701 1 |a Бомбизов  |b А. А.  |g Александр Александрович 
701 1 |a Филатов  |b А. В.  |g Александр Владимирович 
701 1 |a Лощилов  |b А. Г.  |g Антон Геннадьевич 
701 1 |a Беспалько  |b А. А.  |c специалист в области электрофизики  |c ведущий научный сотрудник Томского политехнического университета  |g Анатолий Алексеевич  |2 stltpush  |3 (RuTPU)RU\TPU\pers\25152 
801 1 |a RU  |b 63413507  |c 20090623  |g PSBO 
801 2 |a RU  |b 63413507  |c 20180115  |g PSBO 
856 4 |u http://earchive.tpu.ru/handle/11683/15906 
942 |c BK